লোডিং...
Probability /
| প্রধান লেখক: | |
|---|---|
| বিন্যাস: | Printed Book |
| ভাষা: | English |
| প্রকাশিত: |
London:
John Wiley & Sons,
1970.
|
| বিষয়গুলি: |
| LEADER | 00480 a2200133 4500 | ||
|---|---|---|---|
| 008 | 100208b ||||| |||| 00| 0 eng d | ||
| 082 | |a 519.2 | ||
| 100 | |a Whittle, Peter. | ||
| 245 | |a Probability / | ||
| 260 | |b John Wiley & Sons, |a London: |c 1970. | ||
| 650 | |a Probabilities | ||
| 942 | |c BK | ||
| 999 | |c 310868 |d 310868 | ||
| 952 | |0 0 |1 0 |2 ddc |4 0 |6 519_200000000000000_WHI_P |7 0 |9 356960 |a ECN |b ECN |c ST1 |d 2010-09-07 |e Wiley Bookshop, Bangalore |g 0.00 |i 1379 |l 0 |o 519.2 WHI/P |p ECN1379 |r 2010-09-07 |w 2010-09-07 |y BK | ||